| Tag |
First Indicator |
Second Indicator |
Subfields |
| LEADER |
00000cam a2200000 4500 |
| 001 |
in00000052118 |
| 005 |
20151007080326.0 |
| 008 |
730525s1960 eng u |
| 010 |
|
|
|a 60007481
|
| 035 |
|
|
|a (OCoLC)00630696
|
| 035 |
|
|
|9 AAF4618AM
|
| 040 |
|
|
|c HIR
|d TXA
|d UtOrBLW
|
| 049 |
|
|
|a TXAM
|v 1 [329609]
|v 2 [329610]
|
| 090 |
|
|
|a BF531
|b .A8 1960
|
| 092 |
|
|
|a 157
|b A757e
|
| 100 |
1 |
|
|a Arnold, Magda B.
|
| 245 |
1 |
0 |
|a Emotion and personality.
|
| 264 |
|
1 |
|a New York :
|b Columbia University Press,
|c 1960.
|
| 300 |
|
|
|a 2 volumes :
|b illustrations ;
|c 24cm.
|
| 336 |
|
|
|a text
|b txt
|2 rdacontent
|
| 337 |
|
|
|a unmediated
|b n
|2 rdamedia
|
| 338 |
|
|
|a volume
|b nc
|2 rdacarrier
|
| 504 |
|
|
|a Bibliography: volume 1, pages [277]-288; volume 2, pages [364]-402.
|
| 505 |
0 |
|
|a v.1. Psychological aspects.--v.2. Neurological and physiological aspects.
|
| 650 |
|
0 |
|a Emotions.
|
| 650 |
|
0 |
|a Personality.
|
| 999 |
|
|
|a MARS
|
| 999 |
f |
f |
|s 9331c4a9-dca4-3ed6-9b57-a98558a6c388
|i f5140a53-5e7b-3c50-b196-77ab99e02d8d
|t 0
|
| 952 |
f |
f |
|p ric
|a Texas A&M University
|b Rellis Campus
|c Joint Library Facility
|d Remote Storage
|t 0
|e BF531 A8 1960
|h Library of Congress classification
|i unmediated -- volume
|k v.2
|m A14800527897
|
| 952 |
f |
f |
|p ric
|a Texas A&M University
|b Rellis Campus
|c Joint Library Facility
|d Remote Storage
|t 0
|e BF531 A8 1960
|h Library of Congress classification
|i unmediated -- volume
|k v.1
|m A14800527889
|
| 998 |
f |
f |
|a BF531 A8 1960
|s v.1-v.2
|t 0
|l Remote Storage
|